000
00215 a2200097 4500
001
48691
100
_a
Taylor, J.W.R
245
_a
A history of aerial warfare
260
_a
London
_b
Hamlyn
_c
090
_c
31605
_d
31605
942
_a
NUST-CAE
_c
M
_c
24009
999
_c
283764
_d
283764